[Event "New York op"]
[Site "New York"]
[Date "1994.??.??"]
[Round "1"]
[White "Lein, Anatoly"]
[Black "Adelman, Charles D"]
[Result "0-1"]
[WhiteElo "2480"]
[BlackElo "2220"]

1.d4 Nf6 2.c4 c5 3.d5 e6 4.Nc3 exd5 5.cxd5 d6 6.Nf3 g6 7.Bg5 Bg7 8.Nd2 h6
9.Bh4 g5 10.Bg3 Nh5 11.e3 Nxg3 12.hxg3 a6 13.a4 Nd7 14.Be2 O-O 15.Nc4 Nb6
16.Na3 Bd7 17.a5 Nc8 18.Nc4 Bb5 19.Qd2 Bxc4 20.Bxc4 b5 21.axb6 Nxb6 22.Be2 Nd7
23.O-O Qb6 24.Ra2 Rfb8 25.Rfa1 Qb4 26.Qc2 Qb3 27.Qf5 Nf8 28.Ne4 Bxb2 29.Nxd6 Bxa1
30.Qxf7+ Kh8 31.Rxa1 Qb2 32.Re1 Qg7 33.Qf3 a5 34.e4 a4 35.e5 a3 36.Bc4 a2
37.Bxa2 Rxa2 38.e6 Ng6 39.Nf5 Qf6 40.Nxh6 Qxf3 41.gxf3 Kg7 42.Nf7 Kf6 43.d6 c4
44.d7 Rd2 45.Rc1 Ne5 46.Nxe5 Kxe5 47.e7 Rxd7 48.Re1+ Kd5 49.e8=Q Rxe8 50.Rxe8 c3
51.Kg2 Rc7 52.Re1 c2 53.Rc1 Kd4 54.Kh3 Kd3 55.Kg4 Ke2 56.f4 gxf4 57.gxf4 Kd2
58.Rxc2+ Kxc2 59.f5 Kd3 60.f6 Ke4 61.Kg5 Ke5  0-1

[Event "New York MCC"]
[Site "New York"]
[Date "1994.??.??"]
[Round "10"]
[White "Bonin, Jay R"]
[Black "Klovsky, Rafail"]
[Result "1-0"]
[WhiteElo "2380"]
[BlackElo "2375"]

1.d4 Nf6 2.c4 e6 3.Nf3 c5 4.d5 exd5 5.cxd5 d6 6.Nc3 g6 7.h3 a6 8.a4 Qe7 9.Bf4 Bg7
10.Nd2 O-O 11.Nc4 Ne4 12.Nxe4 Qxe4 13.e3 Nd7 14.Be2 Nf6 15.O-O Rd8 16.Nxd6 Qe7
17.Nxc8 Raxc8 18.d6 Qd7 19.Qb3 Re8 20.Rfd1 Re4 21.Bc4 h6 22.Bh2 g5 23.f3 Ree8
24.e4 Rcd8 25.e5 Nh5 26.Re1 Nf4 27.Bxf4 gxf4 28.e6 fxe6 29.Bxe6+ Rxe6 30.Rxe6 Kh8
31.Rae1 b5 32.Qd5 bxa4 33.Re7 Bd4+ 34.Kh1  1-0

[Event "NLD-chT9495"]
[Site "?"]
[Date "1994.??.??"]
[Round "3"]
[White "Peek, Marcel"]
[Black "Los, Sander"]
[Result "1-0"]
[WhiteElo "2300"]
[BlackElo "2340"]

1.d4 Nf6 2.c4 e6 3.Nf3 c5 4.d5 exd5 5.cxd5 d6 6.Nc3 g6 7.e4 Bg4 8.Qb3 Bxf3
9.Qxb7 Nbd7 10.gxf3 Rb8 11.Qxa7 Bg7 12.Bf4 Nh5 13.Bxd6 Bxc3+ 14.bxc3 Qf6
15.Bxb8 Qxc3+ 16.Ke2 Qb2+ 17.Ke3 Qd4+ 18.Ke2 Qb2+ 19.Ke3 Qd4+ 20.Ke2 O-O
21.Rb1 Nxb8 22.Rxb8 Nf4+ 23.Ke1 Qc3+ 24.Kd1 Qxf3+ 25.Kc1 Qc3+ 26.Kb1 Qe1+
27.Kb2 Qxe4 28.Rxf8+ Kxf8 29.Qxc5+ Kg7 30.f3  1-0

[Event "Oslo op"]
[Site "Oslo"]
[Date "1994.??.??"]
[Round "2"]
[White "Gausel, Einar"]
[Black "Lyrberg, Patrik"]
[Result "1/2-1/2"]
[WhiteElo "2485"]
[BlackElo "2415"]

1.d4 e6 2.c4 Nf6 3.Nf3 c5 4.d5 exd5 5.cxd5 d6 6.Nc3 g6 7.e4 a6 8.a4 Bg4 9.Be2 Bxf3
10.Bxf3 Bg7 11.O-O O-O 12.Bf4 Qc7 13.a5 Nbd7 14.Qa4 Rfe8 15.Rfe1 Ne5 16.Be2 Nfd7
17.Rac1 b5 18.axb6 Qxb6 19.Rc2 h6 20.Be3 Nf6 21.f3 g5 22.Rb1 a5 23.Bb5 Reb8
24.Bf2 Nh5 25.Rd2 Ra7 26.h3 Qd8 27.Nd1 Nf4 28.Kh1 Rab7 29.Bf1 Rb4 30.Qc2 a4
31.Ra1 Qa5 32.Ra2 Nc4 33.Bxc4 Rxc4 34.Nc3 Bxc3 35.bxc3 a3 36.e5 dxe5 37.d6 Rxc3
38.Qf5 c4 39.Bd4 Rd3 40.Qxe5 Qxe5 41.Bxe5 Rd8 42.Rdc2 Ng6 43.Bg3 f5 44.Rxc4 f4
45.Bf2 R8xd6 46.Ra4 h5 47.R4xa3 Rd1+ 48.Kh2 h4 49.Ra8+ Kg7 50.R2a7+ Kf6 51.Ra6 Rxa6
52.Rxa6+ Kf5 53.Ra5+ Ne5 54.Ba7 Kf6 55.Ra6+ Kg7 56.Ra5 Nf7 57.Bc5 Re1 58.Bd4+ Kg6  1/2-1/2

[Event "Osterskan op"]
[Site "Osterskan"]
[Date "1994.??.??"]
[Round "?"]
[White "Lyrberg, Patrik"]
[Black "Lindfeldt, Jan Magnus"]
[Result "1-0"]
[WhiteElo "2405"]
[BlackElo "2160"]

1.d4 Nf6 2.c4 c5 3.d5 e6 4.Nc3 exd5 5.cxd5 d6 6.Nf3 g6 7.h3 Bg7 8.e4 O-O
9.Bd3 b5 10.Nxb5 Nxe4 11.Bxe4 Re8 12.Ng5 Bf5 13.Qa4 Bd7 14.O-O Qb6 15.Bd3 f6
16.Nxh7 Re5 17.Qh4 Bxb5 18.Bxb5 Qxb5 19.Nxf6+ Kf7 20.Ne4 Rxd5 21.Ng5+  1-0

[Event "Osterskan op"]
[Site "Osterskan"]
[Date "1994.??.??"]
[Round "?"]
[White "Yrjola, Jouni"]
[Black "Wedberg, Tom"]
[Result "1/2-1/2"]
[WhiteElo "2440"]
[BlackElo "2455"]

1.d4 Nf6 2.c4 e6 3.Nf3 c5 4.d5 d6 5.Nc3 exd5 6.cxd5 g6 7.h3 Bg7 8.e4 O-O
9.Bd3 b5 10.Nxb5 Re8 11.O-O Nxe4 12.Re1 a6 13.Na3 Nf6 14.Rxe8+ Nxe8 15.Bg5 Bf6
16.Qd2 Nd7 17.Be4 Nb6 18.Re1 Bd7 19.h4 Rb8 20.Qf4 h5 21.Re3 Bg4 22.b3 Bxg5
23.hxg5 Nc7 24.Rd3 Qe7 25.Nd2  1/2-1/2

[Event "Paris APSAP"]
[Site "Paris"]
[Date "1994.??.??"]
[Round "3"]
[White "Kalantarian, Norik"]
[Black "Emms, John M"]
[Result "1-0"]
[WhiteElo "2455"]
[BlackElo "2535"]

1.d4 Nf6 2.c4 e6 3.Nf3 c5 4.d5 d6 5.Nc3 exd5 6.cxd5 g6 7.Bf4 a6 8.e4 Bg7
9.Qa4+ Kf8 10.Be2 Qe7 11.O-O Nbd7 12.Rae1 Ng4 13.Nd2 h5 14.h3 g5 15.Bg3 Nge5
16.Nd1 h4 17.Bh2 Ng6 18.Ne3 Nde5 19.b4 cxb4 20.Qxb4 Nf4 21.Ndc4 Nxc4 22.Nxc4 Be5
23.Bxf4 gxf4 24.Bf3 Rb8 25.Qb6 Bd7 26.Rc1 Bb5 27.Nxe5 Qxe5 28.Rfe1 Kg7 29.Bg4 Rhe8
30.f3 Re7 31.Kh2 Rbe8 32.Qf2 Rh8 33.Rc2 Bd7 34.Rec1 Bxg4 35.hxg4 h3 36.gxh3 Ree8
37.Kg2 Rh6 38.Rh1 f5 39.exf5 Qxd5 40.Rd2 Qc6 41.Qd4+ Kh7 42.Qxf4 Qc3  1-0

[Event "PER-ch"]
[Site "Peru"]
[Date "1994.??.??"]
[Round "3"]
[White "Pesantes, Carlos"]
[Black "Fuentes, Moises"]
[Result "0-1"]
[WhiteElo "2280"]
[BlackElo "2380"]

1.d4 Nf6 2.c4 c5 3.d5 e6 4.Nc3 exd5 5.cxd5 d6 6.Nf3 g6 7.e4 Bg7 8.Be2 a6
9.a4 O-O 10.Nd2 Re8 11.O-O Nbd7 12.f4 Qc7 13.Bf3 Rb8 14.Qe2 b6 15.Qd3 Bb7
16.Nc4 Rbd8 17.Bd2 Qb8 18.Rfe1 Bc8 19.Na3 Nf8 20.h3 N6d7 21.Re2 g5 22.g3 Ng6
23.Rf1 b5 24.axb5 axb5 25.Qxb5 Qa8 26.Nc4 Ba6 27.Qa4 Rb8 28.b3 Nb6 29.Nxb6 Rxb6
30.Ra1 Qd8 31.Rg2 Bc8 32.f5 Ra6 33.Qxa6 Bxa6 34.fxg6 hxg6 35.Rxa6 Bd4+ 36.Kh2 Qf6
37.Nb5 Qxf3 38.Nxd6 g4 39.h4 Rd8 40.Bf4 Qf1 41.Nb7 Rf8 42.Ra4 Bg1+ 43.Kh1 Be3+
44.Kh2 Bxf4  0-1

[Event "Portoroz op"]
[Site "Portoroz"]
[Date "1994.??.??"]
[Round "?"]
[White "Djurkovic, Maks"]
[Black "Rusjan, Miran"]
[Result "0-1"]
[WhiteElo "2060"]
[BlackElo "2040"]

1.d4 Nf6 2.Nf3 c5 3.d5 e6 4.c4 exd5 5.cxd5 d6 6.Nc3 g6 7.g3 Bg7 8.Bg2 O-O
9.O-O Na6 10.Nd2 Nc7 11.Nc4 Nfe8 12.a4 b6 13.Qc2 Ba6 14.b3 Rb8 15.Bb2 Qd7
16.Rfe1 Bxc4 17.bxc4 Na6 18.a5 Nb4 19.Qd2 bxa5 20.Rxa5 a6 21.Rea1 Nc7 22.Ne4 f6
23.h4 Rb6 24.Kh2 f5 25.Bxg7 Qxg7 26.Ng5 Re8 27.e3 Qf6 28.Rd1 h6 29.Nh3 Kh7
30.Nf4 Rbb8 31.Ra3 Na8 32.Ne6 Nb6 33.Bf1 Re7 34.Rb1 Nd7 35.Be2 Ne5 36.Kg2 h5
37.Ra4 Reb7 38.Qb2 Nd7 39.Qa3 Ne5 40.Ng5+ Kg7 41.Qc3 Nd7 42.Ne6+ Kh7 43.Qd2 Kg8
44.Rba1 Nf8 45.Nf4 Ra8 46.Ne6 Rba7 47.Rb1 a5 48.Nxf8 Rxf8 49.Rba1 Rfa8 50.Bd3 Qe5
51.Bb1 Kg7 52.R1a3 Kf7 53.e4 fxe4 54.Re3 Re8  0-1

[Event "ROM-chT"]
[Site "ROM"]
[Date "1994.??.??"]
[Round "?"]
[White "Danilov, Vladimir"]
[Black "Marin, Mihail"]
[Result "1/2-1/2"]
[WhiteElo "2315"]
[BlackElo "2530"]

1.d4 Nf6 2.Nf3 e6 3.c4 c5 4.d5 d6 5.Nc3 exd5 6.cxd5 g6 7.g3 Bg7 8.Bg2 O-O
9.O-O Re8 10.Nd2 a6 11.a4 Nbd7 12.e4 Rb8 13.Nc4 Ne5 14.Na3 Nh5 15.h3 Bd7
16.Kh2 b5 17.axb5 axb5 18.f4 b4 19.fxe5 bxc3 20.bxc3 Nxg3 21.Kxg3 Bxe5+ 22.Kf2 Qh4+
23.Kg1 Bxh3 24.Bxh3 Qxh3 25.Ra2 Bxc3 26.Rh2 Bd4+ 27.Kh1 Qg3 28.Qe1 Qd3 29.Qe2 Qxe4+
30.Qxe4 Rxe4 31.Nc4 Rbe8 32.Bf4 Be5 33.Bxe5 Rxc4 34.Bxd6 Rd4 35.Bxc5 Rxd5
36.Bb4 Red8 37.Re2 Rd1 38.Rxd1 Rxd1+ 39.Kg2 Rd3 40.Rc2 g5 41.Be7 h6 42.Rc5 g4
43.Rf5 Kg7 44.Rf4 h5 45.Rf5 Rd7 46.Rxh5 Rxe7 47.Rg5+ Kf6 48.Rxg4 Kf5 49.Ra4 Re4
50.Ra7 f6 51.Kf2 Kf4 52.Ra2 f5 53.Rb2 Ra4 54.Rc2 Kg4 55.Rb2 Rf4+ 56.Kg2 Ra4
57.Rb3 Ra2+ 58.Kf1 f4 59.Rc3 Rh2 60.Ra3 Rh1+ 61.Kf2 Rb1 62.Rc3 Rb2+ 63.Kf1 f3
64.Rc8 Rb1+ 65.Kf2 Rb2+ 66.Kf1 Rb1+ 67.Kf2  1/2-1/2

[Event "ROM-chT"]
[Site "ROM"]
[Date "1994.??.??"]
[Round "?"]
[White "Hogea, Calin"]
[Black "Foisor, Ovidiu"]
[Result "0-1"]
[WhiteElo "2205"]
[BlackElo "2435"]

1.d4 Nf6 2.c4 e6 3.Nf3 c5 4.d5 exd5 5.cxd5 d6 6.Nc3 g6 7.e4 a6 8.a4 Bg4 9.Be2 Bxf3
10.Bxf3 Bg7 11.O-O O-O 12.g3 Nbd7 13.Bg2 Re8 14.f4 Rc8 15.a5 c4 16.Ra4 Rc5
17.Be3 Rxa5 18.Rxc4 Nb6 19.Rd4 Qc8 20.Qb3 Ng4 21.Bh3 Qc5 22.Bxg4 Bxd4 23.Bxd4 Qxd4+
24.Kg2 Nc4 25.Re1 b5 26.Kh3 f5 27.Bf3 Nd2 28.Qd1 Nxf3 29.Qxf3 b4 30.Rd1 fxe4
31.Qg4 Qf6  0-1

[Event "ROM-ch (Women)"]
[Site "ROM"]
[Date "1994.??.??"]
[Round "?"]
[White "Erhan, Raluca"]
[Black "Sasu Ducsoara, Andrea"]
[Result "0-1"]
[WhiteElo "2035"]
[BlackElo "2120"]

1.d4 Nf6 2.c4 e6 3.Nf3 c5 4.d5 exd5 5.cxd5 d6 6.Nc3 g6 7.e4 Bg7 8.Be2 O-O
9.O-O a6 10.a4 Re8 11.Nd2 Nbd7 12.f4 Rb8 13.Qc2 h6 14.Nc4 Nb6 15.Nxb6 Qxb6
16.e5 Bf5 17.Qd1 Ne4 18.Nxe4 Bxe4 19.a5 Qd8 20.Ra4 f5 21.e6 Bd4+ 22.Rxd4 cxd4
23.b4 Qf6 24.Bf3 d3 25.Qd2 Qd4+ 26.Kh1 Rbc8 27.Bb2 Qxd5 28.Bxe4 Qxe4 29.Re1 Rc2  0-1

[Event "ROM-chT"]
[Site "ROM"]
[Date "1994.??.??"]
[Round "?"]
[White "Radu, Stefan"]
[Black "Nutu Gajic, Dana"]
[Result "1-0"]
[WhiteElo "2240"]
[BlackElo "2330"]

1.d4 Nf6 2.c4 e6 3.Nf3 c5 4.d5 exd5 5.cxd5 d6 6.Nc3 g6 7.e4 Bg7 8.Bd3 O-O
9.O-O Na6 10.Re1 Re8 11.h3 Nc7 12.a4 b6 13.Bf4 Ba6 14.Bxa6 Nxa6 15.Nd2 Nh5
16.Bh2 Qf6 17.Nc4 Nf4 18.Qf3 g5 19.h4 h6 20.hxg5 hxg5 21.Ne2 Nb4 22.Nxf4 gxf4
23.Rac1 Bh6 24.Ne3 Qxb2 25.Nf5 Bg7 26.Bxf4 Qf6 27.Qg3 Qg6 28.Nxd6 Qxg3 29.Bxg3 Red8
30.Rcd1 a6 31.Nf5 Bb2 32.Rb1 Bc3 33.Bc7 b5 34.Bxd8 Rxd8 35.axb5 axb5 36.Rec1 Bf6
37.Rxc5 Na2  1-0

[Event "St Petersburg op"]
[Site "St Petersburg"]
[Date "1994.??.??"]
[Round "4"]
[White "Avrukh, Boris"]
[Black "Anastasian, Ashot"]
[Result "0-1"]
[WhiteElo "2425"]
[BlackElo "2545"]

1.d4 Nf6 2.c4 e6 3.Nf3 c5 4.d5 exd5 5.cxd5 d6 6.Nc3 g6 7.h3 Bg7 8.e4 O-O
9.Bd3 a6 10.a4 Re8 11.O-O Nbd7 12.Bf4 c4 13.Bc2 Nc5 14.Re1 Rb8 15.e5 Nh5
16.Be3 Nd3 17.Bxd3 cxd3 18.exd6 Qxd6 19.Qxd3 Bd7 20.Qd2 Qb4 21.Bd4 Nf6 22.Ne5 Red8
23.Qe3 Rbc8 24.Red1 Bf5 25.g4 Bc2 26.g5 Ne8 27.Rd2 Nd6 28.Nxf7 Re8 29.Qf3 Nxf7
30.Bxg7 Nxg5 31.Qg3 Qxb2 32.Rb1 Rxc3 33.Rxb2 Rxg3+ 34.fxg3 Nf3+ 35.Kf2 Nxd2
36.Rxc2 Ne4+ 37.Kf3 Kxg7 38.Rc7+ Kf6 39.Rxb7 Ng5+ 40.Kg2 Re2+ 41.Kf1 Re7
42.Rb6+ Ke5 43.Rxa6 Nxh3 44.Rb6 Ng5 45.a5 Ra7 46.a6 Ne4  0-1

[Event "St Petersburg op"]
[Site "St Petersburg"]
[Date "1994.??.??"]
[Round "8"]
[White "Guliev, Sarhan"]
[Black "Notkin, Maksim"]
[Result "1-0"]
[WhiteElo "2470"]
[BlackElo "2485"]

1.d4 Nf6 2.c4 c5 3.d5 e6 4.Nc3 exd5 5.cxd5 d6 6.Nf3 g6 7.Nd2 Nbd7 8.e4 Bg7
9.Be2 O-O 10.O-O a6 11.a4 Re8 12.Qc2 Ne5 13.Nd1 g5 14.Ne3 Rb8 15.a5 Ng6 16.Ra3 Qe7
17.f3 Nh5 18.Ndc4 Bd4 19.Kh1 Qf8 20.Bd2 f5 21.g4 Nhf4 22.Bd1 fxe4 23.fxe4 Qe7
24.Nf5 Bxf5 25.exf5 Ne5 26.Nb6 c4 27.Bxf4 gxf4 28.Be2 Qg5 29.Nxc4 Nxg4 30.Bxg4 Qxg4
31.Raf3 Rbc8 32.Rxf4 Qh3 33.b3 Be5 34.R4f3 Qh5 35.f6 Bxf6 36.Qg2+ Bg7 37.Nxd6  1-0

[Event "Rilton Cup9495"]
[Site "Stockholm"]
[Date "1994.??.??"]
[Round "5"]
[White "Bellon Lopez, Juan Manuel"]
[Black "Wedberg, Tom"]
[Result "1/2-1/2"]
[WhiteElo "2480"]
[BlackElo "2460"]

1.d4 Nf6 2.c4 e6 3.Nf3 c5 4.d5 d6 5.Nc3 exd5 6.cxd5 g6 7.h3 Bg7 8.e4 O-O
9.Bd3 Re8 10.O-O c4 11.Bxc4 Nxe4 12.Nxe4 Rxe4 13.Bg5 Qf8 14.Bd3 Re8 15.Qa4 Bd7
16.Bb5 Bxb5 17.Qxb5 Na6 18.Rae1 Nc5 19.b4 Ne4 20.Qxb7 Reb8 21.Qd7 Rxb4 22.a3 Rc4
23.Nd2 Nxd2 24.Bxd2 Rd4 25.Bb4 Rxd5 26.Qb7 Rd4 27.Re7 Rb8 28.Qxa7 Ra8 29.Qc7 Rc8
30.Qb7 Rb8  1/2-1/2

[Event "Velden op"]
[Site "Velden"]
[Date "1994.??.??"]
[Round "9"]
[White "Grillitsch, Karl"]
[Black "Schirmbeck, Hannes"]
[Result "1-0"]
[WhiteElo "2265"]
[BlackElo "2175"]

1.d4 Nf6 2.c4 c5 3.d5 e6 4.Nc3 exd5 5.cxd5 d6 6.Nf3 g6 7.h3 Bg7 8.e4 O-O
9.Bd3 b5 10.Nxb5 Nxe4 11.Bxe4 Re8 12.Ng5 h6 13.Ne6 Qa5+ 14.Nc3 Bxe6 15.dxe6 Bxc3+
16.bxc3 Qxc3+ 17.Bd2 Qe5 18.O-O Qxe4 19.exf7+ Kxf7 20.Re1 Qd5 21.Rxe8 Kxe8
22.Qa4+ Qc6 23.Re1+ Kd7 24.Qg4+ Kc7 25.Ba5+ Kb7 26.Rb1+ Ka6 27.Bc7  1-0

[Event "CAN-op"]
[Site "Winnipeg"]
[Date "1994.??.??"]
[Round "6"]
[White "Petursson, Margeir"]
[Black "Stone, Raymond"]
[Result "1-0"]
[WhiteElo "2550"]
[BlackElo "2355"]

1.d4 Nf6 2.c4 e6 3.Nf3 c5 4.d5 d6 5.Nc3 exd5 6.cxd5 g6 7.e4 Bg7 8.h3 O-O
9.Bd3 b5 10.O-O a6 11.Re1 Nbd7 12.Bf4 Nb6 13.a3 Bb7 14.Qd2 Re8 15.Bg5 Qc7
16.Rac1 Nfd7 17.Bf1 Rac8 18.Kh1 Qb8 19.Nh2 Nf6 20.Bd3 Nbd7 21.f4 c4 22.Bc2 Nc5
23.Bxf6 Bxf6 24.Ng4 Bg7 25.e5 dxe5 26.f5 Qd6 27.Rf1 e4 28.Rce1 Kh8 29.fxg6 fxg6
30.Rf7 Rc7 31.Rxc7 Qxc7 32.Nxe4 Nxe4 33.Rxe4 Rd8 34.d6 Qc5 35.Re7 Bc6 36.Rxg7 Kxg7
37.Qc3+ Kf7 38.Qf6+  1-0

[Event "ARG-ch"]
[Site "?"]
[Date "1995.??.??"]
[Round "10"]
[White "Morovic Fernandez, Ivan"]
[Black "Rosito, Jorge"]
[Result "0-1"]
[WhiteElo "2585"]
[BlackElo "2340"]

1.d4 Nf6 2.c4 e6 3.Nf3 c5 4.d5 exd5 5.cxd5 d6 6.Nc3 g6 7.e4 a6 8.a4 Bg4 9.Be2 Bxf3
10.Bxf3 Nbd7 11.O-O Bg7 12.Bf4 Qe7 13.Re1 O-O 14.Qd2 Rfe8 15.a5 h5 16.h3 Nh7
17.Be3 Rac8 18.Ra4 b5 19.axb6 Nxb6 20.Rxa6 Nc4 21.Qd3 Nxe3 22.Rxe3 Rb8 23.Nb5 Be5
24.Bd1 h4 25.Bb3 Qf6 26.Rf3 Qg5 27.Bc4 Qc1+ 28.Qf1 Qxb2 29.Ra2 Qb4 30.Nc7 Re7
31.Nb5 Reb7 32.Rb3 Rxb5 33.Rxb4 Rxb4 34.Bd3 Nf6 35.f4 Bd4+ 36.Kh2 Nh5 37.f5 Be5+
38.Kg1 Bd4+ 39.Kh2 Be5+ 40.Kg1 g5 41.f6 Ng3 42.Qd1 Kh7 43.Ra6 Kh8 44.Ra7 c4
45.Bc2 Bd4+ 46.Kh2 Bxa7 47.e5 dxe5 48.d6 Bd4 49.d7 Rd8 50.Qe1 Rb6 51.Qa5 Rxf6
52.Bf5 Nf1+  0-1

[Event "AUT-chT2S 9495"]
[Site "?"]
[Date "1995.??.??"]
[Round "10"]
[White "Tabernig, Bernhard"]
[Black "Gigerl, Erich"]
[Result "1/2-1/2"]
[WhiteElo "2285"]
[BlackElo "2300"]

1.d4 Nf6 2.c4 c5 3.d5 e6 4.Nc3 exd5 5.cxd5 d6 6.Nf3 g6 7.g3 Bg7 8.Bg2 O-O
9.O-O a6 10.a4 Nbd7 11.h3  1/2-1/2

[Event "AUT-chT2S 9495"]
[Site "?"]
[Date "1995.??.??"]
[Round "11"]
[White "Graupp, J."]
[Black "Pesorda, Ivan"]
[Result "0-1"]
[WhiteElo "1990"]
[BlackElo "2095"]

1.d4 Nf6 2.c4 c5 3.d5 e6 4.Nc3 exd5 5.cxd5 d6 6.Nf3 g6 7.e4 Bg7 8.Bd3 O-O
9.O-O a6 10.a4 Bg4 11.h3 Bxf3 12.Qxf3 Nbd7 13.Qe2 Re8 14.Bf4 Ne5 15.Bxe5 Rxe5
16.f4 Re8 17.Rae1 Nh5 18.Kh2 Qh4 19.Qf2 Qxf2 20.Rxf2 g5 21.g3 gxf4 22.gxf4 Kh8
23.Ref1 Bxc3 24.bxc3 Nf6 25.Re2 c4 26.Bxc4 Rxe4 27.Rxe4 Nxe4 28.Re1 Nd2 29.Be2 Re8
30.Kg2 Nb3 31.Kf3 Nd2+ 32.Kg4 h5+ 33.Kg3 Ne4+ 34.Kg2 Nxc3 35.Kf2 Rxe2+ 36.Rxe2 Nxe2
37.Kxe2 b5 38.axb5 axb5 39.Kd3 Kg7 40.Kc3 Kf6 41.Kb4 Kf5 42.Kxb5 Kxf4  0-1

[Event "Azov"]
[Site "Azov"]
[Date "1995.??.??"]
[Round "1"]
[White "Zakharevich, Igor"]
[Black "Berelovich, Aleksandar"]
[Result "1/2-1/2"]
[WhiteElo "2425"]
[BlackElo "2485"]

1.d4 Nf6 2.c4 e6 3.Nf3 c5 4.d5 exd5 5.cxd5 d6 6.Nc3 g6 7.h3 Bg7 8.e4 O-O
9.Bd3 b5 10.Nxb5 Re8 11.Bg5 Qb6 12.Bxf6 Bxf6 13.Qb3 Na6 14.O-O Nb4 15.Nd2 Nxd3
16.Qxd3 Ba6 17.a4 Reb8 18.Qf3 Bxb5 19.axb5 Bxb2 20.Ra2 Bd4 21.Rb1 Qc7 22.Nc4 Qd7
23.Qg4 f5 24.exf5 Rxb5 25.Rc1 a5 26.fxg6 Qxg4 27.gxh7+ Kxh7 28.hxg4 a4 29.Rcc2 Rb3
30.Nd2 Kg6 31.Rxa4 Rxa4 32.Nxb3 Be5 33.g3 Rxg4 34.Kg2 c4 35.Na5 c3 36.f4 Bxf4
37.Kf3 Kf5 38.gxf4 Rxf4+ 39.Ke3 Re4+ 40.Kd3 Ke5 41.Nc4+ Kxd5 42.Ne3+ Ke5
43.Re2  1/2-1/2

[Event "Bad Ragaz op"]
[Site "Bad Ragaz"]
[Date "1995.??.??"]
[Round "?"]
[White "Ruzicka, Gernot"]
[Black "Nemet, Ivan"]
[Result "0-1"]
[WhiteElo "2135"]
[BlackElo "2420"]

1.d4 Nf6 2.c4 e6 3.Nf3 c5 4.d5 exd5 5.cxd5 d6 6.Nc3 g6 7.h3 Bg7 8.e4 O-O
9.Bd3 b5 10.Bxb5 Nxe4 11.Nxe4 Qa5+ 12.Kf1 Qxb5+ 13.Kg1 Bf5 14.Nxd6 Qd3 15.Kh2 Rd8
16.Nxf5 Qxf5 17.Re1 Nc6 18.g4 Qd7 19.Bg5 Qc7+ 20.Kg2 Rd7 21.Re4 Nd4 22.Nxd4 cxd4
23.Qe2 h6 24.Bf4 Qb7 25.Rc1 Qxd5 26.f3 d3 27.Re8+ Kh7 28.Qe4 Qxe4 29.Rxe4 Bxb2
30.Rd1 Rc8 31.Be5 Rc2+ 32.Kg3 Bxe5+ 33.Rxe5 d2 34.Re2 Rxa2 35.Kf2 g5 36.Ke3 Re7+
37.Kf2 Rxe2+ 38.Kxe2 Kg6 39.Rb1 Kf6 40.Rb5 a5 41.Rb6+ Ke5 42.Rxh6 a4 43.Ra6 a3
44.Ra4 Ra1 45.Kxd2 a2 46.Kc2 Rf1 47.Rxa2 Rf2+  0-1

[Event "Regionalliga SW9596"]
[Site "Bayern"]
[Date "1995.??.??"]
[Round "?"]
[White "Herich, Manfred"]
[Black "Drexel, Michael"]
[Result "1/2-1/2"]
[WhiteElo "2180"]
[BlackElo "2080"]

1.d4 Nf6 2.Nf3 c5 3.d5 e6 4.c4 exd5 5.cxd5 d6 6.Nc3 g6 7.g3 Bg7 8.Bg2 O-O
9.O-O Re8 10.Nd2 b6 11.Re1 Na6 12.h3 Nc7 13.a4 Ba6 14.Kh2 Nd7 15.f4 c4 16.Nde4 Qe7
17.Na2 Nc5 18.Nxc5 bxc5 19.Nc3 f5 20.e4 fxe4 21.Nxe4 c3 22.bxc3 Bxc3 23.Bd2 Bd4
24.Bc3 Bxc3 25.Nxc3 Qxe1 26.Qxe1 Rxe1 27.Rxe1 Re8 28.Rxe8+ Nxe8 29.g4 Kf7
30.Kg3 Nf6 31.Bf3 Bc4 32.h4 a5 33.g5 Nd7 34.Be2 Bb3 35.Bb5 Nb6 36.Bc6 Ke7
37.h5 Bc2 38.h6 Bd3 39.Kf3 Bc2 40.Ke3 Nc4+ 41.Ke2 Bf5 42.Bb5 Nb6 43.Bd3 Bd7
44.f5 Kf7 45.fxg6+ hxg6 46.Ne4 Nc8 47.Ba6 Bf5 48.Ke3 Bxe4 49.Kxe4 Nb6 50.Bb5 Kg8
51.Bc6 Nc4 52.Bd7  1/2-1/2

[Event "Belgrade Minex"]
[Site "Belgrade"]
[Date "1995.??.??"]
[Round "2"]
[White "Nestorovic, Dejan"]
[Black "Damjanovic, Vladimir"]
[Result "1/2-1/2"]
[WhiteElo "2415"]
[BlackElo "2440"]

1.d4 Nf6 2.Nf3 e6 3.c4 c5 4.d5 exd5 5.cxd5 d6 6.Nc3 g6 7.e4 Bg7 8.Bf4 O-O
9.Be2 Bg4 10.Nd2 Bxe2 11.Qxe2 Nh5 12.Be3 Nd7 13.g4 Nhf6 14.O-O h5 15.h3 a6
16.a4 Re8 17.a5 Rc8 18.g5 Nh7 19.f4 c4 20.Nxc4 Nc5 21.Bxc5 Rxc5 22.Qd3 Bxc3
23.bxc3 Qc7 24.Ra4 Rc8 25.Nb6 Rxc3 26.Qd4 Re8 27.Rc4 Rxc4 28.Nxc4 Qd7 29.Kg2 Qa4
30.Qd3 Rc8 31.Nxd6 Rc2+ 32.Rf2 Rxf2+ 33.Kxf2 Qxa5 34.e5 Nf8 35.Ne4 Qb6+ 36.Qe3 Qb2+
37.Kg3 Qa2 38.Nf6+ Kh8 39.Qc3 Qb1 40.Qe3 Qf5 41.Qa3 h4+ 42.Kg2 Qc2+ 43.Kf3 Qd1+
44.Ke4 Qe2+ 45.Qe3 Qc4+ 46.Kf3 b5 47.Kg4 b4 48.Qa7 b3  1/2-1/2

[Event "SWE-ch"]
[Site "Borlange"]
[Date "1995.??.??"]
[Round "10"]
[White "Astrom, Robert"]
[Black "Hedman, Erik"]
[Result "1-0"]
[WhiteElo "2395"]
[BlackElo "2320"]

1.d4 Nf6 2.c4 e6 3.Nf3 c5 4.d5 exd5 5.cxd5 d6 6.Nc3 g6 7.h3 Bg7 8.e4 O-O
9.Bd3 Re8 10.O-O c4 11.Bc2 b5 12.a3 a6 13.Bf4 Qb6 14.Re1 Nbd7 15.Qd2 Nc5
16.e5 dxe5 17.Bxe5 Bf5 18.Bxf5 Nb3 19.Qc2 Nxa1 20.Rxa1 gxf5 21.Qxf5 Re7 22.Rd1 Rd8
23.d6 Rxe5 24.Qxe5 Ne8 25.Qe7 Bf6 26.Qe2 Bxc3 27.bxc3 Nxd6 28.Qe7 Nb7 29.Rxd8+ Nxd8
30.Ne5 h6 31.Nd7 Qa5 32.Qe8+ Kh7 33.Qe4+ Kg7 34.Qg4+ Kh8 35.Nf6  1-0

[Event "Budapest FS09 IM-A"]
[Site "Budapest"]
[Date "1995.??.??"]
[Round "5"]
[White "Czebe, Attila"]
[Black "Hedman, Erik"]
[Result "0-1"]
[WhiteElo "2340"]
[BlackElo "2320"]

1.d4 Nf6 2.c4 e6 3.Nf3 c5 4.d5 exd5 5.cxd5 d6 6.Nc3 g6 7.e4 Bg7 8.h3 O-O
9.Bd3 Re8 10.O-O c4 11.Bc2 b5 12.Nxb5 Nxe4 13.Re1 Ba6 14.Nbd4 Nc5 15.Bg5 Rxe1+
16.Qxe1 Bf6 17.Bxf6 Qxf6 18.Qe8+ Kg7 19.Re1 Bb7 20.Nb5 Nba6 21.Qe7 Rd8 22.Qxf6+ Kxf6
23.Rd1 Nb4 24.Bb1 Nxd5 25.Nxa7 Nf4 26.Ne1 d5 27.Nb5 d4 28.g3 Nxh3+ 29.Kh2 Nxf2
30.Rxd4 Rxd4 31.Nxd4 Nfd3 32.Nxd3 cxd3 33.Nb5 d2 34.Nc3 Na4  0-1

[Event "Budapest FS04 IM"]
[Site "Budapest"]
[Date "1995.??.??"]
[Round "8"]
[White "Mah, Karl"]
[Black "Knezevic, Bojan"]
[Result "0-1"]
[WhiteElo "2170"]
[BlackElo "2390"]

1.d4 Nf6 2.c4 e6 3.Nf3 c5 4.d5 exd5 5.cxd5 d6 6.Nc3 g6 7.e4 a6 8.a4 Bg4 9.Be2 Bxf3
10.Bxf3 Nbd7 11.O-O Bg7 12.Bf4 Qe7 13.Qd2 O-O 14.Bh6 Rfe8 15.Bxg7 Kxg7 16.Rae1 Qe5
17.Rd1 Rab8 18.a5 b5 19.axb6 Rxb6 20.Rfe1 Reb8 21.Rb1 Rb4 22.Qc2 c4 23.Be2 Nc5
24.f3 Qd4+ 25.Kh1 Nd3 26.Bxd3 cxd3 27.Qd2 Nd7 28.Nd1 Ne5 29.Ra1 R8b6 30.h4 Nc4
31.Qc3 Qxc3 32.bxc3 Rb1 33.Nf2 Rxe1+ 34.Rxe1 d2 35.Ra1 Ne3 36.Kh2 a5 37.Rxa5 Rb1
38.Ra2 Rc1 39.Kh3 d1=Q 40.Nxd1 Rxd1 41.Ra6 f5 42.Kg3 fxe4 43.fxe4 Rd3 44.Kf2 Nc4
45.Rc6 Rxc3 46.g4 Kf6 47.Rc7 Ke5  0-1

[Event "Budapest FS08 GM"]
[Site "Budapest"]
[Date "1995.??.??"]
[Round "10"]
[White "Lehmann, Zoltan"]
[Black "Delchev, Aleksander"]
[Result "0-1"]
[WhiteElo "2335"]
[BlackElo "2455"]

1.d4 Nf6 2.c4 e6 3.Nf3 c5 4.d5 exd5 5.cxd5 d6 6.Nc3 g6 7.h3 Bg7 8.Bg5 h6
9.Bh4 O-O 10.e3 Na6 11.Be2 Nc7 12.O-O a6 13.a4 Rb8 14.a5 b5 15.axb6 Rxb6
16.Rb1 Rb4 17.Na2 Rb8 18.Nc3 Nb5 19.Nxb5 axb5 20.Nd2 Re8 21.Bf3 Qb6 22.e4 c4
23.Kh1 Nd7 24.b4 Qd4 25.Re1 Nb6 26.Bg3 Be5 27.Nf1 Qxd1 28.Rexd1 f5 29.Bxe5 Rxe5
30.Ng3 Bb7 31.Re1 Rbe8 32.Re2 f4 33.Nf1 Nxd5 34.Rd2 Nc3 35.Rc1 Nxe4 36.Bxe4 Bxe4
37.Rxd6 Bd3  0-1

[Event "Budapest FS08 IM-A"]
[Site "Budapest"]
[Date "1995.??.??"]
[Round "10"]
[White "Gonzalez, J."]
[Black "Krumpacnik, Domen"]
[Result "1/2-1/2"]
[WhiteElo "2375"]
[BlackElo "2405"]

1.d4 Nf6 2.c4 e6 3.Nf3 c5 4.d5 exd5 5.cxd5 d6 6.Nc3 g6 7.h3 Bg7 8.e4 O-O
9.Bd3 b5 10.Bxb5 Nxe4 11.Nxe4 Qa5+ 12.Nfd2 Qxb5 13.Nxd6 Qa6 14.N2c4 Nd7 15.O-O Ne5
16.Nxe5 Bxe5 17.Nxc8 Raxc8 18.Re1 Rfe8 19.d6 Qxd6 20.Qxd6 Bxd6 21.Rxe8+ Rxe8
22.Be3 Rc8 23.Rc1 f5 24.Rc4 a5 25.Kf1 Kf7 26.Ke2 Ke6 27.Ra4 Ra8 28.Kd3 Kd5
29.b3 Bc7 30.Bd2 Bb6 31.Be3 Kc6 32.Rh4 h5 33.Rc4 Re8 34.Rc1 Re4 35.Rc4 Kd5
36.f3 Re7 37.g4 hxg4 38.fxg4 Rh7 39.h4 Rxh4 40.gxf5 Rh3 41.fxg6 Rg3 42.Rf4 Rxg6
43.Rf5+ Kc6 44.a4 Re6 45.Bf4 Bd8 46.Rf8 Rf6 47.Rxf6+ Bxf6 48.Kc4 Bh4 49.Be3 Be7
50.Bf2 Bd6 51.Bh4 Bf4 52.Bf2 Bd6 53.Bg1 Be7 54.Be3 Bd6 55.Bg5 Bg3 56.Bd2 Bc7
57.Be1 Bd8 58.Bc3 Bc7 59.Bf6 Bg3 60.Be7 Bf2 61.Bf8 Bg1 62.Bg7 Bh2  1/2-1/2

[Event "Castellar op"]
[Site "Castellar"]
[Date "1995.??.??"]
[Round "?"]
[White "Ivanov, Mikhail M"]
[Black "Vehi Bach, Victor Manuel"]
[Result "1-0"]
[WhiteElo "2445"]
[BlackElo "2445"]

1.d4 Nf6 2.Nf3 e6 3.c4 c5 4.d5 d6 5.Nc3 exd5 6.cxd5 g6 7.e4 a6 8.h3 b5 9.Bd3 Bg7
10.O-O O-O 11.Bf4 Bb7 12.Re1 Qb6 13.Rc1 Nbd7 14.b3 Rac8 15.Qd2 Rfe8 16.Ra1 Nh5
17.Bh2 Ne5 18.Nxe5 Bxe5 19.Bxe5 Rxe5 20.a4 c4 21.bxc4 b4 22.Nd1 a5 23.Qe3 Qc7
24.f4 Re7 25.g4 Nf6 26.Nf2 Nd7 27.e5 dxe5 28.f5 Qc5 29.Ne4 Qxe3+ 30.Rxe3 Kg7
31.Rf1 f6 32.g5 Rf8 33.Ref3 gxf5 34.Rxf5 fxg5 35.Nd6 e4 36.Rxf8 Nxf8 37.Nf5+  1-0